| 000 | 00632nam a2200205 a 4500 | ||
|---|---|---|---|
| 001 | BRCA_7283 | ||
| 005 | 20190320205759.0 | ||
| 008 | 280212s2011----mx-a######---#000-0#spa-# | ||
| 020 | _a9786074900774 | ||
| 041 | _aspa | ||
| 044 | _amx | ||
| 050 | 4 |
_aAM23 _b.D67 2011 |
|
| 245 | 1 | 0 | _a200 [i.e. Doscientas] joyas Mexiquenses del Bicentenario. |
| 260 |
_aMéxico _bInstituto Mexiquense de Cultura : Origen del Arte _c2011 |
||
| 300 |
_a131 p. _bil. a color _c28 cm. |
||
| 504 | _aBibliografía: p. [128]-129 | ||
| 650 | 1 | 4 |
_aMuseos _xHistoria _zMéxico (Estado) _918024 |
| 651 | 4 |
_aMéxico (Estado) _xHistoria _918025 |
|
| 942 |
_2lcc _cB |
||
| 999 |
_c6961 _d6961 |
||